| 000 | 01444nam a22002297a 4500 | ||
|---|---|---|---|
| 003 | AR-RoUNCS | ||
| 005 | 20260204145606.0 | ||
| 008 | 091130s2008 ag gr 001 f spa | ||
| 015 | _aAR-2008 | ||
| 020 | _a978-987-04-0986-1 | ||
| 040 |
_aAR-BaBN _bspa _cAR-RoUNCS _eaacr |
||
| 080 | 1 |
_a82-31(72) _22016 |
|
| 100 | 1 |
_aFuentes, Carlos, _d1928-2012 _eautor _4aut |
|
| 245 | 1 | 3 |
_aLa muerte de Artemio Cruz / _cCarlos Fuentes. |
| 250 | _a1a ed. | ||
| 260 |
_aBuenos Aires : _bAguilar, Altea, Taurus, Alfaguara, _c2008. |
||
| 300 |
_a359 p. ; _c24 cm. |
||
| 520 | 3 | _aLa novela relata las últimas horas de vida de Artemio Cruz, un poderoso hombre de la política y los negocios en México, mientras agoniza en su cama. A través de una estructura fragmentada, la narración alterna entre el presente de su lecho de muerte y diferentes momentos de su pasado. De este modo, se revisa su infancia, su ascenso durante la Revolución Mexicana, sus amores, traiciones, pérdidas, negocios turbios y alianzas políticas. Cada episodio revela cómo Artemio, que en su juventud luchó por ideales revolucionarios, terminó convirtiéndose en un hombre cínico, autoritario y corrupto. A lo largo del texto, el protagonista se confronta consigo mismo. Revive errores, se atormenta con recuerdos y se enfrenta al vacío moral que lo consume. | |
| 650 | 7 |
_2embne _aLiteratura mexicana |
|
| 655 | 7 |
_aNovelas históricas _2embne |
|
| 942 |
_2udc _cLPD _n0 |
||
| 999 |
_c878 _d878 |
||